00905nam a2200217Ia 450000500170000000800410001702000150005804000180007304100080009111000360009924500660013526000700020130000130027150500970028453800730038165000270045465000810048165000270056265000660058965100320065520140217111142.0130821s xx gs spa  a9589708323 aCo-BoUCMbspa00aspa2 aDMS Ediciones e Investigaciones10aConsejo de Estado 1984-1994cDMS Ediciones e Investigaciones a[Lugar desconocido]b[Editorial desconocida]c[fecha desconocida] a1 CD-ROM aSentencias Completas. -- Indice Temático. -- Indice Cronólogico. -- Motor de Búsqueda. aPara activar el motor de busqueda teclee Ctrl y F simultáneamente.04aDerecho administrativo04aDerecho administrativozColombiayResenas bibliograficasvSentenciasvCD-ROM04aDerecho constitucional04aDerecho constitucionalzColombiayResenasvSentenciasvCD-ROM14aColombiabConsejo de Estado